Disaster Mitigation Bills in the 106th Congress : H.R. 707, S. 1691 Compared.

Compares two bills to amend the Robert T. Stafford Disaster Relief and Emergency Assistance Act to fund hazard mitigation projects designed to reduce future disaster losses, add conditions to assistance, and consolidate provisions governing the distribution of aid to disaster victims.

Bibliographic Details
Corporate Authors: Library of Congress. Congressional Research Service, ProQuest (Firm)
Format: eBook
Language:English
Published: [Place of publication not identified] : [publisher not identified], 1999.
Series:U.S. Congressional Research.
Subjects:
Online Access:Connect to the full text of this electronic book

MARC

Tag First Indicator Second Indicator Subfields
LEADER 00000cam a22000001a 4500
001 in00003376536
006 m d f
007 cr bn mmmapmmp
008 100717s1999 dcu o f000 0 eng d
005 20260430223035.4
035 |a cis2007894199 
040 |a ProQuest  |c ProQuest  |d UtOrBLW 
043 |a n-us--- 
099 |a CRS-1999-GVF-0070 
110 2 |a Library of Congress.  |b Congressional Research Service. 
245 1 0 |a Disaster Mitigation Bills in the 106th Congress :  |b H.R. 707, S. 1691 Compared. 
264 1 |a [Place of publication not identified] :  |b [publisher not identified],  |c 1999. 
300 |a 1 online resource. 
336 |a text  |b txt  |2 rdacontent 
337 |a computer  |b c  |2 rdamedia 
338 |a online resource  |b cr  |2 rdacarrier 
500 |a Record is based on bibliographic data in ProQuest U.S. Congressional Research Digital Collection (last viewed July 2010). Reuse except for individual research requires license from ProQuest, LLC. 
500 |a CRS Report. 
520 |a Compares two bills to amend the Robert T. Stafford Disaster Relief and Emergency Assistance Act to fund hazard mitigation projects designed to reduce future disaster losses, add conditions to assistance, and consolidate provisions governing the distribution of aid to disaster victims. 
500 |a Electronic resource. 
650 0 |a Disaster relief. 
650 0 |a Federal aid. 
655 7 |a Electronic books.  |2 local 
710 2 |a ProQuest (Firm) 
776 0 8 |i Microfiche version:   |a Library of Congress. Congressional Research Service.  |t Disaster Mitigation Bills in the 106th Congress 
830 0 |a U.S. Congressional Research. 
856 4 0 |u http://proxy.library.tamu.edu/login?url=https://congressional.proquest.com/congcomp/getdoc?CRDC-ID=CRS-1999-GVF-0070  |z Connect to the full text of this electronic book  |t 0 
999 |a MARS 
999 f f |s 8cb63ab5-47ff-372b-89e8-6fcfe3790ff8  |i ce9d8e8b-1b39-37f4-bcc3-6d3f6bbec252  |t 0 
952 f f |a Texas A&M University  |b College Station  |c Electronic Resources  |s www_evans  |d Available Online  |t 0  |e CRS-1999-GVF-0070  |h Other scheme 
998 f f |a CRS-1999-GVF-0070  |t 0  |l Available Online